| 000 | 00329nam a22001097a 4500 | ||
|---|---|---|---|
| 082 | _a668.4 MET'B | ||
| 100 |
_aBRITISH STANDARDS INTERNATIONAL _977750 |
||
| 245 | _aMETHODS OF TESTING RAW RUBBER AND UNVULCANIZED COMPOUNDED RUBBER PART-3 METHODS OF PHYSICAL TESTING | ||
| 260 |
_aLONDON _bBSI _c1951 |
||
| 300 | _a20P | ||
| 942 | _cBK | ||
| 999 |
_c582966 _d582966 |
||